Marketingový prieskum pre vybranú firmu diplomová práca

Guardado en:
Detalles Bibliográficos
Autor principal: Michalcová, Kristína
Autor Corporativo: Obchodná fakulta EU. Katedra marketingu
Otros Autores: Kopaničová, Janka, 1979-
Formato: Libro
Lenguaje:eslovaco
Publicado: Bratislava 2016
Etiquetas: Agregar Etiqueta
Sin Etiquetas, Sea el primero en etiquetar este registro!

MARC

LEADER 00000nbm a2200000 4500
001 0216539
005 20170112112000.5
041 0 |a slo 
044 |a SK 
245 1 0 |a Marketingový prieskum pre vybranú firmu  |b diplomová práca  |c Kristína Michalcová ; školiteľ: Janka Kopaničová 
264 1 |a Bratislava  |c 2016 
300 |a 58 s. 
100 1 |a Michalcová, Kristína 
700 1 |a Kopaničová, Janka, 1979- 
710 2 |a Obchodná fakulta EU. Katedra marketingu